ՀՀ Գիտությունների ազգային ակադեմիայի հիմնարար գիտական գրադարան  =   Fundamental Scientific Library of NAS RA

Поверхностные явления и фазовые превращения в конденсированных пленках / (Record no. 167487)

MARC details
000 -LEADER
fixed length control field 01848nam a2200313 u 4500
001 - CONTROL NUMBER
control field 000460141
003 - CONTROL NUMBER IDENTIFIER
control field AM-YeHGA
005 - DATE AND TIME OF LATEST TRANSACTION
control field 20250617133553.0
008 - FIXED-LENGTH DATA ELEMENTS--GENERAL INFORMATION
fixed length control field 041012s2004 ||| r 000 0 rus d
020 ## - INTERNATIONAL STANDARD BOOK NUMBER
International Standard Book Number 966623243X
040 ## - CATALOGING SOURCE
Original cataloging agency AM-YeHGA
041 0# - LANGUAGE CODE
Language code of text/sound track or separate title rus
090 ## - LOCALLY ASSIGNED LC-TYPE CALL NUMBER (OCLC); LOCAL CALL NUMBER (RLIN)
-- 168917
245 00 - TITLE STATEMENT
Title Поверхностные явления и фазовые превращения в конденсированных пленках /
Statement of responsibility, etc. Н.Т. Гладких, С.В. Дукаров, А.П. Крышталь, В.И. Ларин, В.Н. Сухов, С.И. Богатыренко; Под ред.: Н.Т. Гладких.
260 ## - PUBLICATION, DISTRIBUTION, ETC.
Place of publication, distribution, etc. Харьков :
Name of publisher, distributor, etc. Харьков. нац. ун-т им. В. Н. Каразина,
Date of publication, distribution, etc. 2004.
300 ## - PHYSICAL DESCRIPTION
Extent 275 с.
Other physical details ил., табл.
500 ## - GENERAL NOTE
General note На тит. л.: К 200-летию Харьков. нац. ун-та им. В. Н. Каразина
504 ## - BIBLIOGRAPHY, ETC. NOTE
Bibliography, etc. note Библиогр.: с. 259-275
650 14 - SUBJECT ADDED ENTRY--TOPICAL TERM
Topical term or geographic name entry element Химическая физика
General subdivision Поверхностные слои и их свойства
Form subdivision Пособие для специалистов
650 14 - SUBJECT ADDED ENTRY--TOPICAL TERM
Topical term or geographic name entry element Физика твердого тела
General subdivision Тонкие слои твердых тел
Form subdivision Пособие для специалистов
650 14 - SUBJECT ADDED ENTRY--TOPICAL TERM
Topical term or geographic name entry element Кристаллография
General subdivision Тонкие слои твердых тел
Form subdivision Пособие для специалистов
653 ## - INDEX TERM--UNCONTROLLED
Uncontrolled term конденсированные пленки
700 1# - ADDED ENTRY--PERSONAL NAME
Personal name Гладких, Николай Тимофеевич
Relator term ред.
Relationship edt
700 1# - ADDED ENTRY--PERSONAL NAME
Personal name Дукаров, Сергей Валентинович
700 1# - ADDED ENTRY--PERSONAL NAME
Personal name Крышталь, Александр Петрович
700 1# - ADDED ENTRY--PERSONAL NAME
Personal name Ларин, Виталий Иванович
700 1# - ADDED ENTRY--PERSONAL NAME
Personal name Сухов, Владимир Николаевич
700 1# - ADDED ENTRY--PERSONAL NAME
Personal name Богатыренко, Сергей Иванович
Holdings
Withdrawn status Lost status Damaged status Not for loan Collection Home library Current library Date acquired Total checkouts Full call number Barcode Date last seen Price effective from Koha item type Public note
        General Fundamental Scientific Library Fundamental Scientific Library 28/12/2016   539.21 120651169 28/12/2016 28/12/2016 Գրքեր / Books 30 Days Loan


ՀՀ ԳԱԱ հիմնարար գիտական գրադարան
ՀՀ,Երևան 0019
Մարշալ Բաղրամյան 24/6
հեռախոս:(374-10) 52-47-50
Հետադարձ կապ

All site content, except where otherwise noted, is licensed under a
Creative Commons License